000 00570nam a2200205Ia 4500
999 _c41086
_d41086
001 7735
003 GE_BSU
005 20220923114442.0
008 181216s2009en xx |||||||||||||| ||eng||
020 _a0203884159
040 _cGE_BSU
041 _aeng
100 _aRodrigue, Jean-Paul
_914719
245 4 _aThe Geography of Transport Systems /
_cJean-Paul Rodrigue.
264 _aLondon and New York :
_bRoutledge,
_c2009.
300 _a352 p:
_c24 cm.
653 _aThe Geography of Transport Systems
653 _aტრანსპორტი
942 _cBK
_2udc